000 00249nam a22000857a 4500
999 _c516672
_d516672
100 _aTiwari, Ramesh Kumar
_923228
245 _aHuman right and Law :
_bBonded labour in India
_cby Ramesh Kumar Tiwari
260 _aDelhi
_bFoundation
_c2011
300 _a174p.